Technological perspective - extension of the learning and growth balanced scorecard

Metóda BSC, znalostná ekonomika, znalostné riadenie. Nový pohľad na BSC a technologická perspektíva BSC, ktorá je súčasťou perspektívy vzdelávania a rastu. Využitie BSC pri implementácii znalostného riadenia v podniku. Meranie efektivity využitia informačných technológií.

Gespeichert in:
Bibliographische Detailangaben
1. Verfasser: Rakovská, Eva, 1963-
Format: Buchkapitel
Sprache:Englisch
Schlagworte:
Tags: Tag hinzufügen
Keine Tags, Fügen Sie das erste Tag hinzu!

MARC

LEADER 00000nla$a2200000$$$4500
001 0147394
005 20240502072649.5
041 0 |a eng 
044 |a SK 
245 1 0 |a Technological perspective - extension of the learning and growth balanced scorecard  |c Eva Rakovská 
520 |a Metóda BSC, znalostná ekonomika, znalostné riadenie. Nový pohľad na BSC a technologická perspektíva BSC, ktorá je súčasťou perspektívy vzdelávania a rastu. Využitie BSC pri implementácii znalostného riadenia v podniku. Meranie efektivity využitia informačných technológií. 
610 2 0 |a metóda BSC 
610 2 0 |a riadenie znalostí 
610 2 0 |a manažment znalostný 
610 2 0 |a technológie informačné 
610 2 0 |a podnik 
100 1 |a Rakovská, Eva, 1963-